| 000 | 01073nas a2200301 4500 | ||
|---|---|---|---|
| 001 | BR2012007980 | ||
| 003 | BR-BrBNA | ||
| 005 | 20231205121420.0 | ||
| 007 | ta | ||
| 008 | 230509b bl.|||p| |||| 00| 00por d | ||
| 040 |
_aBR-BrBNA _bpor _cBiblioteca Nacional de Agricultura |
||
| 041 | _a(Pt) | ||
| 072 | _aL51; L02 | ||
| 100 | 1 | _aMiranda Neto, E.G. de | |
| 100 | 1 | _aSilva, S. de T.G. da | |
| 100 | 1 | _aMendonça, C.L. de | |
| 100 | 1 | _aDrummond, A.R.F. | |
| 100 | 1 | _aAfonso, J.A.B. | |
| 245 | 1 | _aAspectos clínicos e a bioquímica ruminal de caprinos submetidos à acidose láctica experimental e suplementados ou não com monensina sódica | |
| 246 | 1 | _aClinical aspects and ruminal chemistry in goats with lactic acidosis and sodic monensin supplementation | |
| 650 | _aCAPRINO | ||
| 650 | _aNUTRIÇÃO ANIMAL | ||
| 650 | _aDIGESTÃO | ||
| 650 | _aRUMINAÇÃO | ||
| 773 | 0 |
_tPesquisa Veterinária Brasileira (Brazil) _xISSN 0100-736X _g(May 2011), v. 31(5) p. 416-424 _wBR2012007980 |
|
| 909 |
_a202311 _bLúcia _c55 _dLúcia Elande |
||
| 942 |
_2AGRIS _n0 _cANA |
||
| 999 |
_c223456 _d223456 |
||